000 00527nam a2200181Ia 4500
005 20250508160502.0
008 008 250505s9999 xx 000 0 eng d
037 _aTextual
040 _aFEDL
_beng
_cFEDL
041 _aeng
_2eng
084 _a320.1580954, BOS
_qFEDL
100 _aBose Nirmal Kumar
245 0 _aProblems of Indian nationalism
260 _aBombay, India
_bAllied Publishers Private Limited
_c1969
300 _a42p.
942 _cTEXL
_h320.1580954, BOS
999 _c1364904
_d1364904